Sports Quiz

Random Sports or Basketball Quiz

Cover Players of the NBA 2K Games Quiz Stats

 Plays Quiz not verified by Sporcle

Challenge
Share
Tweet
Embed
Score 0/14 Timer 01:00
1 Play Today
Number Player % Correct
#3Allen Iverson
97.8%
#3Allen Iverson
95.7%
#3Allen Iverson
95.4%
#3Allen Iverson
94.9%
#3Allen Iverson
94.4%
#32Shaquille O'Neal
82.2%
#32Shaquille O'Neal
80.5%
Number Player % Correct
#24Kobe Bryant
71.9%
#5Kevin Garnett
70.1%
#3Ben Wallace
69.3%
#23Michael Jordan
69%
#23Michael Jordan
66.1%
#3Chris Paul
64.1%
#1(Kevin Durant, Blake Griffin) Derrick Rose
60.9%

You're not logged in!

Compare scores with friends on all Sporcle quizzes.
Join for Free
OR
Log In

You Might Also Like...

Show Comments

Extras

Top Quizzes Today


Score Distribution

Your Account Isn't Verified!

In order to create a playlist on Sporcle, you need to verify the email address you used during registration. Go to your Sporcle Settings to finish the process.

Report this User

Report this user for behavior that violates our Community Guidelines.

Details: